| 000 | 00595nam a2200253Ia 4500 | ||
|---|---|---|---|
| 008 | 210210b2008 xxu||||| |||| 00| 0 eng d | ||
| 041 | _aeng | ||
| 082 | _a332.02 COMS | ||
| 100 | _aCOMPETITION SUCCESS review | ||
| 245 | _aState bank of India clerical staff exam study material | ||
| 260 |
_aND _bCompetition Review Pvt. Ltd. _c2008 |
||
| 300 | _a...20 | ||
| 650 | _astudy | ||
| 650 | _aState | ||
| 650 | _astaff | ||
| 650 | _aof | ||
| 650 | _amaterial | ||
| 650 | _aIndia | ||
| 650 | _aexam | ||
| 650 | _aclerical | ||
| 650 | _abank | ||
| 690 | _aBanking | ||
| 906 | _aSG05042 | ||
| 999 |
_c133337 _d133337 |
||